000 00750nam a2200193Ia 4500
001 11836
003 GE_BSU
008 181216s||||||||xx |||||||||||||| ||und||
040 _cGE_BSU
080 _a636(075.8)
245 _aმეცხოველეობის საფუძვლები. ზოომინიმუმი
245 _cბ.მ.ბლომკვისტი.ა.ს.ვსიაკიხის და პ.ა.ესაულოვის რედ. [რედ. ნ.გოცირიძე]
260 _aთბილისი
260 _bსახელგამი
260 _c1953
300 _a349გვ.23სმ.
653 _aმეცხოველეობის საფუძვლები.
942 _cBK
999 _c45015
_d45015